| Tag |
First Indicator |
Second Indicator |
Subfields |
| LEADER |
00000cam a2200000 4500 |
| 001 |
in00000054141 |
| 005 |
20151008051428.0 |
| 008 |
760520s1959 enk b i00000 eng |
| 010 |
|
|
|a 59065066
|
| 035 |
|
|
|a (OCoLC)02184512
|
| 035 |
|
|
|9 AAG7830AM
|
| 040 |
|
|
|a DLC
|c CSU
|d TXA
|d UtOrBLW
|
| 049 |
|
|
|a TXAM
|c [328823]
|
| 050 |
0 |
0 |
|a JN94
|b .P6 1959
|
| 092 |
|
|
|a 341.184
|b P769e
|
| 110 |
2 |
|
|a Political and Economic Planning (Think tank)
|
| 245 |
1 |
0 |
|a European organisations.
|
| 264 |
|
1 |
|a London,
|b [publisher not identified] ;
|c [1959]
|
| 300 |
|
|
|a xvi, 372 pages ;
|c 22 cm.
|
| 336 |
|
|
|a text
|b txt
|2 rdacontent
|
| 337 |
|
|
|a unmediated
|b n
|2 rdamedia
|
| 338 |
|
|
|a volume
|b nc
|2 rdacarrier
|
| 500 |
|
|
|a Label mounted on title page: Fari Lawn, N. J., Essential Books.
|
| 504 |
|
|
|a Bibliography: pages 356-357.
|
| 650 |
|
0 |
|a International agencies
|z Europe.
|
| 650 |
|
0 |
|a European federation.
|
| 651 |
|
0 |
|a Europe
|x Politics and government
|y 1945-
|
| 999 |
|
|
|a MARS
|
| 999 |
f |
f |
|s 80c6f7d2-49be-369d-a4ea-0dc8ef59fb75
|i 20781ace-2a48-33da-bdb1-84a7d0340b67
|t 0
|
| 952 |
f |
f |
|p ric
|a Texas A&M University
|b Rellis Campus
|c Joint Library Facility
|d Remote Storage
|t 0
|e JN94 .P6 1959
|h Library of Congress classification
|i unmediated -- volume
|m A14800783613
|
| 998 |
f |
f |
|a JN94 .P6 1959
|t 0
|l Remote Storage
|